| 000 | 00562nam a2200205Ii 4500 | ||
|---|---|---|---|
| 003 | JO-AjNU | ||
| 008 | 230606s9999||||xx |||||||||||||| ||und|| | ||
| 017 | _a2011/10/3938 | ||
| 040 |
_aJO-AjNU _beng _erda _cJO-AjNU |
||
| 041 | _aeng | ||
| 050 | 1 | 4 | _aHQ1206 2011 |
| 100 | 3 |
_aSarhan,Hada, _eauthor _93681 |
|
| 245 | 0 | 0 | _awomen say no |
| 264 | 3 | 1 | _aعمان: مطبعة السفير، 2011 |
| 300 | _a167p | ||
| 336 |
_atext _btxt _2rdacontent |
||
| 337 |
_aunmediated _bn _2rdamedia |
||
| 338 |
_avolume _bnc _2rdacarrier |
||
| 650 | 4 |
_aWomen - psycholog _93682 |
|
| 999 |
_aE1920 _c1920 _d1920 |
||